[Event "10th American Continental"]
[Site "Montevideo URU"]
[Date "2015.05.19"]
[Round "6.47"]
[White "Acosta, Mariano USA"]
[Black "Sosa Macho, Juan Manuel"]
[Result "0-1"]
[WhiteElo "1967"]
[BlackElo "2137"]
[WhiteFideId "2008629"]
[BlackFideId "3000354"]
[EventDate "2015.05.15"]
[EventType "swiss"]

1. Nf3 Nf6 2. g3 b6 3. Bg2 Bb7 4. d3 e6 5. e4 d6 6. O-O Nbd7 7. a4 a5 8. Nc3 Be7
9. Re1 e5 10. Nh4 g6 11. Bh6 Bf8 12. Qd2 Bxh6 13. Qxh6 Nf8 14. Nd5 Nxd5 15. exd5
Qf6 16. c4 Nd7 17. d4 O-O-O 18. Bh3 exd4 19. b4 axb4 20. Qd2 d3 21. Qxb4 Qd4 22.
Nf3 Qc5 23. Qxc5 bxc5 24. Ng5 Rdf8 25. Re7 f5 26. Bf1 d2 27. Rd1 Re8 28. Rxe8+
Rxe8 29. Nf3 Ne5 30. Nxd2 g5 31. Bh3 g4 32. Bg2 Ba6 33. Bf1 Kd7 34. Re1 Rb8 35.
h3 Rb2 0-1

[Event "10th American Continental"]
[Site "Montevideo URU"]
[Date "2015.05.19"]
[Round "6.48"]
[White "Ibanez, Marcelo"]
[Black "Chemin, Justo Reinaldo"]
[Result "1-0"]
[BlackTitle "FM"]
[WhiteElo "1963"]
[BlackElo "2135"]
[WhiteFideId "3002691"]
[BlackFideId "2101580"]
[EventDate "2015.05.15"]
[EventType "swiss"]

1. d4 d5 2. c4 e6 3. Nf3 Nf6 4. Nbd2 Be7 5. g3 O-O 6. Bg2 Nbd7 7. O-O c6 8. b3
a5 9. Qc2 Re8 10. Rd1 a4 11. Rb1 Bf8 12. e4 dxe4 13. Ng5 axb3 14. axb3 h6 15.
Nh3 e5 16. Nxe4 exd4 17. Rxd4 Nxe4 18. Bxe4 Qb6 19. Bh7+ Kh8 20. Rh4 Nf6 21. Ng5
Be6 22. Bf5 Kg8 23. Nxe6 fxe6 24. Bg6 Red8 25. Qe2 c5 26. Qf3 e5 27. Bb2 e4 28.
Qf5 Be7 29. Rxe4 Qc7 30. Qe6+ Kh8 31. Qxe7 Qxe7 32. Rxe7 1-0

[Event "10th American Continental"]
[Site "Montevideo URU"]
[Date "2015.05.19"]
[Round "6.49"]
[White "Boff, Andre Ricardo"]
[Black "Daneri, Martin"]
[Result "1/2-1/2"]
[BlackTitle "CM"]
[WhiteElo "1927"]
[BlackElo "2109"]
[WhiteFideId "2154854"]
[BlackFideId "104981"]
[EventDate "2015.05.15"]
[EventType "swiss"]

1. d4 e6 2. Nf3 f5 3. e3 Nf6 4. b3 c6 5. Bb2 d5 6. Bd3 Bd6 7. O-O Qe7 8. Ne5 O-O
9. c4 Nbd7 10. cxd5 exd5 11. f4 Ne4 12. Nd2 Ndf6 13. Ndf3 Bd7 14. Qe1 Be8 15.
Qh4 a5 16. a3 Bh5 17. Qe1 h6 18. Nh4 Qe6 19. h3 Kh7 1/2-1/2

[Event "10th American Continental"]
[Site "Montevideo URU"]
[Date "2015.05.19"]
[Round "6.50"]
[White "Manzi, Luiz Antonio Bardaro"]
[Black "Zimmermann, Kleber Renato P."]
[Result "1/2-1/2"]
[BlackTitle "CM"]
[WhiteElo "2091"]
[BlackElo "1966"]
[WhiteFideId "2102641"]
[BlackFideId "2150050"]
[EventDate "2015.05.15"]
[EventType "swiss"]

1. d4 Nf6 2. c4 e6 3. Nf3 d5 4. Bg5 Be7 5. Nc3 O-O 6. e3 Nbd7 7. Bd3 dxc4 8.
Bxc4 c6 9. O-O Nd5 10. Bxe7 Qxe7 11. Rc1 Nxc3 12. Rxc3 e5 13. dxe5 Nxe5 14. Nxe5
Qxe5 15. Qb3 Qe7 16. Re1 Rd8 17. e4 Rb8 18. Rd3 Bg4 19. h3 Rxd3 20. Qxd3 Rd8 21.
Qe3 Bc8 22. Qxa7 Qb4 23. Rc1 Qxb2 24. Rf1 Qd4 25. Qa5 b6 26. Qg5 h6 27. Qe7 Rf8
28. Bb3 Ba6 29. Rd1 Qc5 30. Bxf7+ Kh8 31. Qc7 Bc4 32. Bxc4 Qxc4 33. e5 Qxa2 34.
Qxb6 Qe2 35. Rd8 Qe1+ 36. Kh2 Qxe5+ 37. g3 Rxd8 38. Qxd8+ Kh7 39. Qd3+ Kh8 40.
Qd8+ Kh7 1/2-1/2

[Event "10th American Continental"]
[Site "Montevideo URU"]
[Date "2015.05.19"]
[Round "6.51"]
[White "Caceres Vasquez, Sergio"]
[Black "Rodriguez Farias, Eduardo"]
[Result "1-0"]
[WhiteTitle "FM"]
[WhiteElo "2087"]
[BlackElo "1956"]
[WhiteFideId "3402169"]
[BlackFideId "3005062"]
[EventDate "2015.05.15"]
[EventType "swiss"]

1. d4 Nf6 2. c4 g6 3. Nc3 Bg7 4. e4 d6 5. f4 O-O 6. Nf3 c5 7. d5 b5 8. cxb5 a6
9. a4 Qa5 10. Bd2 Qb4 11. Qc2 c4 12. Ra3 Qc5 13. Nd1 axb5 14. axb5 Rxa3 15. bxa3
Qxb5 16. Bxc4 Qb6 17. Nf2 Ba6 18. Qd3 Rc8 19. Bxa6 Nxa6 20. O-O Nc5 21. Qe3 Rb8
22. Re1 Qa6 23. Bb4 Ncd7 24. Nd4 Rc8 25. Nc6 Kf8 26. h3 Nb6 27. Qd3 Qb7 28. Qb5
Ra8 29. Ng4 Qa6 30. Qxa6 Rxa6 31. Nxf6 Bxf6 32. Rd1 Nc4 33. Nb8 Ra7 34. Nc6 Ra8
35. Rd3 Bb2 36. Rb3 Bxa3 37. Bxa3 Nxa3 38. Rb7 Re8 39. Kf2 e6 40. e5 Nc4 41.
dxe6 Rxe6 42. Nd8 Re7 43. Rb4 Nd2 44. Rd4 dxe5 45. Rxd2 exf4 46. Nc6 Rc7 47. Ne5
Re7 48. Nf3 h6 49. h4 Kg7 50. Rd4 f6 51. Rxf4 g5 52. Rc4 Kg6 53. hxg5 hxg5 54.
Rc6 Ra7 55. Nd4 Ra3 56. Ne6 Ra2+ 57. Kg3 Ra3+ 58. Kh2 Ra2 59. Nf8+ Kf7 60. Nd7
Rf2 61. Kg3 Rf4 62. Nc5 Kg6 63. Nd3 Rf5 64. Rc5 Rf1 65. Nf2 Ra1 66. Rc6 Ra3+ 67.
Kh2 Ra5 68. Ne4 Rf5 69. g3 Rf1 70. Kg2 Rf5 71. Rc5 g4 72. Rxf5 Kxf5 73. Nf2 Kg5
74. Nd3 Kf5 75. Nf2 Ke5 76. Nd3+ Kf5 77. Kf2 Ke4 78. Ke2 Kd4 79. Nf2 f5 80. Kd2
f4 81. gxf4 g3 82. Nh3 g2 83. Ke2 Ke4 1-0

[Event "10th American Continental"]
[Site "Montevideo URU"]
[Date "2015.05.19"]
[Round "6.52"]
[White "Ortiz, Jorge"]
[Black "Arias Bouzada, Jorge URU"]
[Result "0-1"]
[BlackTitle "CM"]
[WhiteElo "1894"]
[BlackElo "2070"]
[WhiteFideId "113972"]
[BlackFideId "3000389"]
[EventDate "2015.05.15"]
[EventType "swiss"]

1. d4 c5 2. dxc5 Qa5+ 3. Nc3 Nc6 4. Nf3 Nf6 5. e4 Nxe4 6. Bd2 Nxc3 7. Bxc3 Qxc5
8. Bd3 d5 9. h3 Bd7 10. Be2 f6 11. O-O e5 12. Nd2 Be7 13. Nb3 Qd6 14. Bh5+ g6
15. Bf3 Be6 16. Bd2 O-O 17. Be2 Rac8 18. Bh6 Rfd8 19. f4 e4 20. g4 d4 21. Qe1
Nb4 22. Bd1 f5 23. c3 Nd3 24. Qd2 dxc3 25. bxc3 Bf6 26. Nd4 Bxd4+ 27. cxd4 Qxd4+ 0-1

[Event "10th American Continental"]
[Site "Montevideo URU"]
[Date "2015.05.19"]
[Round "6.53"]
[White "Cardoso Pimenta, Ciro Jose"]
[Black "Pereira, Henry Alberto"]
[Result "1-0"]
[WhiteElo "2066"]
[BlackElo "1955"]
[WhiteFideId "2118599"]
[BlackFideId "4433270"]
[EventDate "2015.05.15"]
[EventType "swiss"]

1. e4 d5 2. exd5 Qxd5 3. Nc3 Qd6 4. d4 Nf6 5. Nf3 g6 6. Be2 Bg7 7. O-O O-O 8.
Nb5 Qd8 9. Bf4 Nd5 10. Bg3 c6 11. Nc3 Nxc3 12. bxc3 Nd7 13. Qd2 Qa5 14. Qe3 Nf6
15. c4 Bf5 16. Bd3 Rfe8 17. Rab1 b6 18. h3 Nd7 19. Bxf5 Qxf5 20. c3 Qa5 21. Rb2
e5 22. Qc1 e4 23. Nd2 c5 24. Nb3 Qa4 25. dxc5 Nxc5 26. Nxc5 bxc5 27. Rd1 Rad8
28. Rxd8 Rxd8 29. Qg5 Qd1+ 30. Kh2 h6 31. Qe7 Bf8 32. Qxe4 Qc1 33. Rb7 Rd1 34.
Bf4 Rh1+ 35. Kg3 Qxc3+ 36. f3 Re1 37. Qd5 Qf6 38. Rb8 Re7 39. Bxh6 Qe5+ 40. Qxe5
Rxe5 41. Rxf8+ Kh7 42. Bf4 1-0

[Event "10th American Continental"]
[Site "Montevideo URU"]
[Date "2015.05.19"]
[Round "6.54"]
[White "De Haro, Martim Afonso Palma"]
[Black "Dominguez, Facundo"]
[Result "0-1"]
[WhiteElo "2048"]
[BlackElo "1947"]
[WhiteFideId "2101653"]
[BlackFideId "3005178"]
[EventDate "2015.05.15"]
[EventType "swiss"]

1. d4 Nf6 2. c4 e6 3. g3 Bb4+ 4. Bd2 Bxd2+ 5. Nxd2 d5 6. Bg2 O-O 7. Ngf3 Nbd7 8.
O-O Re8 9. Qc2 c6 10. Rfd1 Qe7 11. Re1 b6 12. e4 dxe4 13. Ne5 Bb7 14. Nxe4 Nxe5
15. Nxf6+ Qxf6 16. Rxe5 Rad8 17. Qc3 Re7 18. Re4 c5 19. d5 Qxc3 20. bxc3 Kf8 21.
Rae1 Rde8 22. Rh4 h6 23. Rhe4 exd5 24. cxd5 Rxe4 25. Rxe4 Rxe4 26. Bxe4 Ba6 27.
f4 Ke7 28. Kf2 Bc4 29. a3 Kd6 30. Ke3 Bxd5 31. Bd3 c4 32. Bf5 Kc5 33. Bd7 b5 34.
g4 g5 35. fxg5 hxg5 36. Bf5 Be6 37. Bxe6 fxe6 0-1

[Event "10th American Continental"]
[Site "Montevideo URU"]
[Date "2015.05.19"]
[Round "6.55"]
[White "Casas, Nicolas"]
[Black "Hirota da Silva, Nilton"]
[Result "1/2-1/2"]
[WhiteElo "1834"]
[BlackElo "2045"]
[WhiteFideId "3002055"]
[BlackFideId "2101700"]
[EventDate "2015.05.15"]
[EventType "swiss"]

1. d4 c6 2. Nf3 d5 3. h3 Nf6 4. c3 Bf5 5. Bf4 h6 6. e3 e6 7. Bd3 Bxd3 8. Qxd3
Bd6 9. Bxd6 Qxd6 10. O-O O-O 11. Ne5 Nbd7 12. Nxd7 Qxd7 13. Nd2 Rae8 14. e4 dxe4
15. Nxe4 Nxe4 16. Qxe4 Rd8 17. Rfe1 Qd5 18. Qxd5 Rxd5 19. Kf1 Rfd8 20. b4 Kf8
21. a4 Ke7 22. Ke2 Kf8 23. Kf1 R8d7 24. Ra2 Ke7 25. Rae2 a5 26. Rb2 Kd8 27. Reb1
Kc8 28. Ke2 e5 29. dxe5 Rxe5+ 30. Kf1 Red5 31. b5 c5 32. b6 c4 33. Rb5 Rd1+ 34.
Rxd1 Rxd1+ 35. Ke2 Rd6 36. Rxa5 Rxb6 37. Rc5+ Kd7 38. Rxc4 Rb2+ 39. Ke3 Ra2 40.
h4 g6 41. g3 Rc2 42. f3 Rg2 43. Kf4 f6 44. g4 Rh2 45. Kg3 Ra2 46. Rf4 Ke6 47.
Rb4 Ra3 48. Rxb7 Rxa4 49. Rh7 h5 50. gxh5 gxh5 51. Rc7 Kf5 52. c4 Ra1 53. Rc5+
Kg6 54. Rd5 Rg1+ 55. Kh2 Rc1 56. c5 Rc4 57. Kg3 Rc2 58. Kh3 Rf2 59. Kg3 Rc2 60.
Kh3 1/2-1/2

[Event "10th American Continental"]
[Site "Montevideo URU"]
[Date "2015.05.19"]
[Round "6.56"]
[White "Chamlian, Aram"]
[Black "Beckerman, M."]
[Result "0-1"]
[WhiteElo "1714"]
[BlackElo "2025"]
[WhiteFideId "3003639"]
[BlackFideId "109070"]
[EventDate "2015.05.15"]
[EventType "swiss"]

1. e4 c5 2. Nc3 Nc6 3. g3 g6 4. Bg2 Bg7 5. d3 e6 6. f4 d6 7. Nf3 Nge7 8. O-O O-O
9. Be3 Nd4 10. Bf2 Rb8 11. Rb1 b5 12. Ne2 Nxe2+ 13. Qxe2 Nc6 14. e5 b4 15. d4
Qa5 16. Rfd1 Ba6 17. Qe1 dxe5 18. Nxe5 Nxe5 19. dxe5 Rfd8 20. a3 Qc7 21. axb4
cxb4 22. Rxd8+ Rxd8 23. Rd1 Rxd1 24. Qxd1 Bf8 25. Be4 Bb5 26. Qd2 a6 27. Bd4 Qc4
28. Qf2 Qa2 29. g4 Qb1+ 30. Kg2 b3 31. f5 Bc6 32. Bxc6 bxc2 33. fxe6 f5 34. exf6
Bd6 35. f7+ Kf8 36. Qf6 Qh1+ 37. Kf2 Qxh2+ 38. Bg2 Qg3+ 39. Ke2 Qxg2+ 40. Kd3
c1=N+ 41. Kc3 Ne2+ 42. Kd3 Nf4+ 43. Kc4 Qc2+ 44. Bc3 Qa4+ 45. b4 Qa2+ 46. Kd4
Qd5+ 47. Ke3 Qxe6+ 48. Qxe6 Nxe6 49. Ke4 Nc7 50. g5 Kxf7 51. Kd4 Ke6 52. Kc4 Be7
53. Bd2 Nd5 54. Kb3 Nxb4 0-1

[Event "10th American Continental"]
[Site "Montevideo URU"]
[Date "2015.05.19"]
[Round "6.57"]
[White "Pinero, Ismael"]
[Black "Cao, Jorge"]
[Result "0-1"]
[WhiteTitle "CM"]
[WhiteElo "2013"]
[BlackElo "1929"]
[WhiteFideId "3004244"]
[BlackFideId "3000109"]
[EventDate "2015.05.15"]
[EventType "swiss"]

1. e4 e6 2. d4 d5 3. Nc3 Bb4 4. e5 c5 5. Bd2 cxd4 6. Nb5 Be7 7. Qg4 Kf8 8. Nf3
Nc6 9. Nbxd4 Qb6 10. O-O-O Bd7 11. h4 Bc5 12. Be3 Rc8 13. Kb1 Nge7 14. h5 h6 15.
Qf4 Nxd4 16. Bxd4 Nc6 17. c4 Nxd4 18. Nxd4 Bxd4 19. Qxd4 Qxd4 20. Rxd4 Bc6 21.
c5 f6 22. f4 Ke7 23. b4 a6 24. Bd3 Rcf8 25. Re1 f5 26. Kb2 Rhg8 27. Kb3 g5 28.
hxg6 Rxg6 29. Rh1 Rh8 30. Rh2 Rg3 31. Kc2 h5 32. Be2 Ra3 33. Kb2 Re3 34. Bf3 h4
35. Rh3 Bb5 36. Rd2 Bc4 37. Rf2 Bd3 38. Bg4 Rxh3 39. Bxh3 Rg8 40. a4 Rg3 41. Rf3
Rxf3 42. gxf3 Be2 43. Bg2 Kd7 44. Kc2 Kc6 45. Kd2 Bc4 46. Kc3 a5 47. Bh3 axb4+
48. Kxb4 Be2 49. Bg2 d4 50. Bh3 d3 51. Kc3 Kxc5 52. Kd2 Kd4 53. Bg2 b6 54. Bh3
Bxf3 55. Bf1 Bc6 56. a5 bxa5 57. Bh3 a4 0-1

[Event "10th American Continental"]
[Site "Montevideo URU"]
[Date "2015.05.19"]
[Round "6.58"]
[White "Moccero, Eduardo"]
[Black "De la Torre, Andres"]
[Result "1-0"]
[WhiteElo "2004"]
[BlackElo "1699"]
[WhiteFideId "103373"]
[BlackFideId "3005186"]
[EventDate "2015.05.15"]
[EventType "swiss"]

1. d4 g6 2. Nf3 Bg7 3. c4 d6 4. Nc3 Nf6 5. Bf4 Nh5 6. Bg5 h6 7. Bh4 g5 8. Bg3
Nxg3 9. hxg3 Nc6 10. e3 Bg4 11. Be2 f5 12. d5 Bxf3 13. Bxf3 Ne5 14. Bh5+ Kf8 15.
Qc2 Qd7 16. Nb5 a6 17. Nd4 Nf7 18. Ne6+ Kg8 19. Qxf5 Ne5 20. f4 Rf8 21. Qc2 Rf6
22. fxe5 dxe5 23. O-O-O c6 24. Rhf1 cxd5 25. Nxg7 Kxg7 26. Rxf6 exf6 27. Qg6+ 1-0

[Event "10th American Continental"]
[Site "Montevideo URU"]
[Date "2015.05.19"]
[Round "6.59"]
[White "Larrea, Daniela"]
[Black "Borgeaud Fuentes, Oscar"]
[Result "0-1"]
[WhiteElo "1705"]
[BlackElo "2003"]
[WhiteFideId "3003000"]
[BlackFideId "3409325"]
[EventDate "2015.05.15"]
[EventType "swiss"]

1. d4 d5 2. c4 c6 3. g3 Nf6 4. Bg2 Bf5 5. Nf3 e6 6. Nbd2 Bd6 7. O-O O-O 8. b3 a5
9. Bb2 a4 10. Bc3 h6 11. b4 dxc4 12. Nxc4 Nd5 13. Qd2 Be7 14. a3 Nd7 15. Qb2 Bg6
16. Nfe5 Nxe5 17. Nxe5 Bh5 18. Nf3 Bf6 19. e3 b6 20. e4 Bxf3 21. Bxf3 Nxc3 22.
e5 Qxd4 23. exf6 Qxf6 24. Bxc6 Rad8 25. Qc2 Rd6 26. Bxa4 Qf3 27. Rae1 Rd1 28.
Bc6 Qd3 29. Qxd3 Rxd3 30. a4 Rc8 31. Be4 Rd4 32. Bb7 Rc7 33. Ba6 Nxa4 34. Rb1
Rc2 35. Rb3 Nc3 36. Kg2 Nd5 37. b5 Rdd2 38. Bb7 Rb2 39. Bxd5 exd5 40. Rc3 Rxb5
41. Rcc1 Rbb2 42. Rb1 Rxf2+ 43. Rxf2 Rxb1 44. Rd2 Rb5 45. Kf3 Kf8 46. Kf4 f6 47.
Ra2 g6 48. Ra7 Rb4+ 49. Ke3 Re4+ 50. Kd3 h5 51. Rd7 h4 52. gxh4 Rxh4 53. Rxd5
Rxh2 54. Rd6 Kg7 55. Rxb6 g5 56. Ke3 Kg6 57. Kf3 Rh4 58. Kg3 Rf4 59. Rb8 Rd4 60.
Rb6 Rc4 61. Kf3 Ra4 62. Kg3 g4 63. Rb8 f5 64. Rg8+ Kf7 65. Rg5 Kf6 66. Rg8 Ra3+
67. Kf4 Rf3# 0-1

[Event "10th American Continental"]
[Site "Montevideo URU"]
[Date "2015.05.19"]
[Round "6.60"]
[White "Sopko, Cassio Roberto"]
[Black "Guisande, Fernando"]
[Result "1-0"]
[WhiteElo "1930"]
[BlackElo "1898"]
[WhiteFideId "2167867"]
[BlackFideId "3002918"]
[EventDate "2015.05.15"]
[EventType "swiss"]

1. b4 a5 2. b5 d5 3. Nf3 Bf5 4. e3 Nd7 5. Bb2 Nb6 6. a4 e6 7. Ne5 f6 8. Nf3 e5
9. d3 Be6 10. Nbd2 Nh6 11. Be2 Bd6 12. O-O O-O 13. c4 Qe7 14. Qc2 c6 15. Rfc1
Nd7 16. e4 f5 17. bxc6 bxc6 18. cxd5 cxd5 19. exd5 Bxd5 20. Nc4 e4 21. Ne3 Be6
22. dxe4 fxe4 23. Qxe4 Nc5 24. Rxc5 Bxc5 25. Ng5 Bxe3 26. Qxh7# 1-0

[Event "10th American Continental"]
[Site "Montevideo URU"]
[Date "2015.05.19"]
[Round "6.61"]
[White "Colman, Matias"]
[Black "Rodrigues, Julliano de Araujo"]
[Result "1/2-1/2"]
[WhiteElo "2036"]
[BlackElo "1808"]
[WhiteFideId "3000699"]
[BlackFideId "2127288"]
[EventDate "2015.05.15"]
[EventType "swiss"]

1. d4 Nf6 2. c4 e6 3. Nc3 Bb4 4. Qc2 O-O 5. a3 Bxc3+ 6. Qxc3 c5 7. dxc5 Nc6 8.
f3 a5 9. Bf4 d5 10. Bd6 Re8 11. e3 b6 12. Rd1 bxc5 13. Bxc5 Qc7 14. Be2 Ba6 15.
Nh3 Ne5 16. Bd4 Ned7 17. cxd5 Qxc3+ 18. Bxc3 Bxe2 19. Kxe2 Nxd5 20. e4 Nxc3+ 21.
bxc3 Nc5 22. Rb1 Na4 23. Rhc1 Rab8 24. Rxb8 Rxb8 25. Kd3 Nb2+ 26. Kd4 Rd8+ 27.
Ke3 Nc4+ 28. Kf4 e5+ 29. Kg3 Nxa3 1/2-1/2

[Event "10th American Continental"]
[Site "Montevideo URU"]
[Date "2015.05.19"]
[Round "6.62"]
[White "Pena Canapa, Alfredo"]
[Black "Garcia La Rosa, Lorena Estefania"]
[Result "1-0"]
[BlackTitle "WCM"]
[WhiteElo "1785"]
[BlackElo "2017"]
[WhiteFideId "3003140"]
[BlackFideId "3901262"]
[EventDate "2015.05.15"]
[EventType "swiss"]

1. d4 Nf6 2. Nf3 e6 3. Bg5 d6 4. e3 h6 5. Bh4 g5 6. Bg3 Nh5 7. Bd3 Bg7 8. c3
Nxg3 9. hxg3 b6 10. Nbd2 Bb7 11. Qe2 a6 12. e4 Nd7 13. Nc4 Qe7 14. g4 Qf6 15. g3
Qe7 16. Nfd2 c5 17. Nb3 O-O 18. O-O Rfe8 19. a4 Rab8 20. Ncd2 Ra8 21. Rfe1 Kf8
22. Nf1 d5 23. dxc5 Nxc5 24. Nxc5 bxc5 25. e5 Reb8 26. Nd2 Qc7 27. c4 Qc6 28.
cxd5 exd5 29. f4 Bc8 30. b3 Rb4 31. f5 Rab8 32. Rab1 Rd4 33. e6 fxe6 34. fxe6
Ke7 35. Qf3 Qe8 36. Re2 Rb6 37. Bf5 Qf8 38. Qc3 Rc4 39. Nxc4 Bxc3 40. Nxb6 Bb7
41. Rc1 Qg7 42. Rd1 Bd4+ 43. Kh2 c4 44. Nd7 c3 45. Rf1 Bc8 46. Nb8 Ke8 47. e7
Be5 48. Nc6 c2 49. Rxe5 Bxf5 50. Rexf5 1-0

[Event "10th American Continental"]
[Site "Montevideo URU"]
[Date "2015.05.19"]
[Round "6.63"]
[White "Blanchard, Marcel"]
[Black "Gauche, Eduardo"]
[Result "1-0"]
[WhiteElo "1804"]
[BlackElo "1927"]
[WhiteFideId "3000214"]
[BlackFideId "2128209"]
[EventDate "2015.05.15"]
[EventType "swiss"]

1. d4 Nf6 2. c4 e6 3. Nf3 c5 4. d5 exd5 5. cxd5 d6 6. Nc3 g6 7. e4 Bg7 8. h3 O-O
9. Bd3 Re8 10. O-O a6 11. a4 Nbd7 12. Re1 Ne5 13. Nxe5 Rxe5 14. Bf4 Re8 15. Qd2
Qc7 16. Bh2 Nh5 17. Bc2 Bd4 18. Kh1 Qe7 19. a5 Qh4 20. Nd1 Be5 21. Bxe5 Rxe5 22.
Ra3 Nf6 23. Kg1 Bd7 24. f4 Re7 25. Qf2 Qh5 26. Rae3 Rae8 27. Nc3 Bb5 28. Bd1 Qh6
29. e5 dxe5 30. d6 Re6 31. Nxb5 axb5 32. fxe5 Nd5 33. Rf3 Qg5 34. d7 Rd8 35.
Rxf7 Rxe5 36. Rf1 Rf5 37. Rxf5 gxf5 38. Qxc5 Qe3+ 39. Qxe3 Nxe3 40. Bb3+ Kg7 41.
Rf3 Nc4 42. Rxf5 Rxd7 43. Bxc4 bxc4 44. Rc5 Rd1+ 45. Kh2 Rb1 46. Rc7+ Kg6 47.
Rxb7 c3 48. Rb6+ 1-0

[Event "10th American Continental"]
[Site "Montevideo URU"]
[Date "2015.05.19"]
[Round "6.64"]
[White "Braga, Jose Pereira"]
[Black "Areco, Antonio"]
[Result "0-1"]
[WhiteElo "1911"]
[BlackElo "1746"]
[WhiteFideId "2103435"]
[BlackFideId "139190"]
[EventDate "2015.05.15"]
[EventType "swiss"]

1. e4 d5 2. exd5 Nf6 3. d4 Nxd5 4. c4 Nf6 5. Nf3 Bg4 6. Be2 e6 7. O-O Be7 8. Nc3
c6 9. h3 Bh5 10. Bf4 O-O 11. Qd2 Bd6 12. Bg5 Nbd7 13. Rad1 Qa5 14. a3 Be7 15.
Rfe1 Rfe8 16. Qc1 Qc7 17. b4 Rac8 18. Be3 a5 19. Qb2 axb4 20. axb4 Qb6 21. c5
Qc7 22. b5 Nd5 23. b6 Qd8 24. Ra1 Ra8 25. Rxa8 Qxa8 26. Ra1 Qc8 27. Nxd5 exd5
28. Qd2 Bf6 29. Bd1 Nxc5 30. Ra7 Nd7 31. Qb4 Bd8 32. Ra1 Bxb6 33. Rb1 f6 34. Bc2
Bg6 35. Bxg6 hxg6 36. Nh4 Kf7 37. Nf3 Qc7 38. g3 Rxe3 39. Ng5+ Kg8 40. fxe3
Qxg3+ 41. Kf1 Qxg5 42. Ke2 c5 43. Qb5 Qg2+ 44. Kd1 Qf3+ 45. Qe2 Qe4 46. Rb2 cxd4
47. exd4 Qxd4+ 48. Rd2 Qa1+ 49. Kc2 Ne5 50. Qb5 Kh7 51. Qxd5 Be3 52. Re2 Qc1+
53. Kb3 Qc5 54. Qd1 Qc4+ 55. Kb2 Nd3+ 56. Kb1 Qb4+ 57. Kc2 Qa4+ 58. Kxd3 Qxd1+ 0-1

[Event "10th American Continental"]
[Site "Montevideo URU"]
[Date "2015.05.19"]
[Round "6.65"]
[White "Gomes, Carlos Henrique Caldeira"]
[Black "Pena, Luis"]
[Result "1/2-1/2"]
[WhiteElo "1894"]
[BlackElo "1680"]
[WhiteFideId "2120160"]
[BlackFideId "3006000"]
[EventDate "2015.05.15"]
[EventType "swiss"]

1. d4 Nf6 2. c4 e6 3. Nc3 d5 4. cxd5 exd5 5. Bg5 c6 6. Qc2 Be7 7. e3 Be6 8. Bd3
Nbd7 9. Nge2 O-O 10. O-O h6 11. Bh4 Nh5 12. Bxe7 Qxe7 13. Rfe1 Qg5 14. Ng3 Nxg3
15. hxg3 f5 16. Ne2 Nf6 17. Nf4 Bd7 18. Kf1 Ne4 19. Bxe4 fxe4 20. Ke2 Qf6 21.
Rf1 Qd6 22. Qc5 Qf6 1/2-1/2

[Event "10th American Continental"]
[Site "Montevideo URU"]
[Date "2015.05.19"]
[Round "6.66"]
[White "Reolon, Victor"]
[Black "Gomes, Marco Tulio"]
[Result "0-1"]
[WhiteElo "1711"]
[BlackElo "1883"]
[WhiteFideId "3002942"]
[BlackFideId "2115271"]
[EventDate "2015.05.15"]
[EventType "swiss"]

1. c4 Nf6 2. Nc3 e6 3. d4 d5 4. cxd5 exd5 5. Nf3 Nbd7 6. e3 Be7 7. Bd3 c6 8. O-O
O-O 9. Qc2 h6 10. Ne5 Nxe5 11. dxe5 Nd7 12. f4 Nc5 13. Bh7+ Kh8 14. b4 Ne6 15.
Rf3 f6 16. Bg6 fxe5 17. fxe5 Bh4 18. Ba3 Rxf3 19. gxf3 Qg5+ 20. Kh1 Qxe3 21. Qf5
Bd7 22. Rg1 Nf4 0-1

[Event "10th American Continental"]
[Site "Montevideo URU"]
[Date "2015.05.19"]
[Round "6.67"]
[White "Lanzilotta, Marcelo"]
[Black "Quevedo, Andreina"]
[Result "1/2-1/2"]
[WhiteElo "2006"]
[BlackElo "1661"]
[WhiteFideId "3001750"]
[BlackFideId "3004147"]
[EventDate "2015.05.15"]
[EventType "swiss"]

1. e4 e5 2. Nf3 Nc6 3. Bc4 Bc5 4. O-O Nf6 5. Nc3 d6 6. h3 O-O 7. d3 h6 8. Qe2
Na5 9. Bb3 Nxb3 10. axb3 a6 11. Be3 Bxe3 12. Qxe3 Re8 13. Ne2 c6 14. Ng3 d5 15.
c3 b6 16. Rae1 Bb7 17. Nf5 dxe4 18. dxe4 c5 19. Rd1 Qc7 20. Nd6 Red8 21. Nxb7
Qxb7 22. Nxe5 Qxe4 23. Qxe4 Nxe4 24. Rfe1 Nd2 25. Nc6 Rd6 26. Ne7+ Kf8 27. Nf5
Rdd8 28. Nd4 cxd4 29. Rxd2 dxc3 1/2-1/2

[Event "10th American Continental"]
[Site "Montevideo URU"]
[Date "2015.05.19"]
[Round "6.68"]
[White "Diaz, Maria M.A."]
[Black "Montenegro, Claudia"]
[Result "1-0"]
[WhiteTitle "WFM"]
[WhiteElo "1963"]
[BlackElo "1628"]
[WhiteFideId "7500114"]
[BlackFideId "3006719"]
[EventDate "2015.05.15"]
[EventType "swiss"]

1. d4 d5 2. c4 e6 3. Nc3 Nf6 4. Bg5 Be7 5. cxd5 exd5 6. e3 c6 7. Bd3 O-O 8. Nf3
Nbd7 9. O-O Ne4 10. Bxe7 Qxe7 11. Qc2 Ndf6 12. Ne5 g6 13. Nxe4 dxe4 14. Be2 Nd5
15. a3 f6 16. Nc4 f5 17. Ne5 Kg7 18. Bc4 Nf6 19. b4 a6 20. Be2 Nd5 21. Rac1 f4
22. exf4 Nxf4 23. Qxe4 Qg5 24. Rc3 Bf5 25. Qf3 Bh3 26. Re1 Nxg2 27. Qxh3 Nxe1+
28. Kf1 Ng2 29. Qxg2 Qxg2+ 30. Kxg2 Rf5 31. Bg4 Rg5 32. f4 Rxg4+ 33. Nxg4 Re8
34. Kf3 Rd8 35. Ke4 Rd5 36. Rc5 Rd7 37. Ne5 Re7 38. Kf3 Kf6 39. Ng4+ Kg7 40. Re5
Rf7 41. Ke4 Rd7 42. d5 cxd5+ 43. Rxd5 Re7+ 44. Ne5 Kf6 45. Rd6+ 1-0

[Event "10th American Continental"]
[Site "Montevideo URU"]
[Date "2015.05.19"]
[Round "6.69"]
[White "Campora, Edgardo"]
[Black "Rodriguez Fuentealba, Diego"]
[Result "1-0"]
[WhiteElo "1847"]
[BlackElo "1522"]
[WhiteFideId "3003612"]
[BlackFideId "3422704"]
[EventDate "2015.05.15"]
[EventType "swiss"]

1. e4 e5 2. Nf3 Nc6 3. Bc4 Bc5 4. c3 Nf6 5. d3 a6 6. Bb3 Ba7 7. Nbd2 d6 8. h3
O-O 9. Nf1 h6 10. Ng3 Be6 11. Bc2 d5 12. Qe2 b5 13. O-O dxe4 14. dxe4 Bc4 15.
Qe1 Bxf1 16. Nxf1 Qe7 17. Ne3 Rad8 18. Nd5 Qd6 19. Nxf6+ Qxf6 20. a4 b4 21. cxb4
Nd4 22. Nxd4 exd4 23. e5 Rfe8 24. Bd3 Rxe5 25. Qf1 a5 26. bxa5 Rxa5 27. b4 Re5
28. g3 c5 29. Bf4 cxb4 30. Bxe5 Qxe5 31. Rb1 Bc5 32. a5 Ra8 33. a6 f5 34. Qg2
Ra7 35. Qc6 Qd6 36. Qc8+ Kf7 37. Qxf5+ Kg8 38. Re1 g6 39. Re8+ Kg7 40. Qc8 Rf7
41. Rg8+ 1-0